|
|
|
|
| LEADER |
01742nam a2200505 a 4500 |
| 001 |
000814385 |
| 003 |
CZ BrMZK |
| 005 |
20090527155403.0 |
| 007 |
ta |
| 008 |
040722s2004 xr a e f 000 0 cze |
| 015 |
|
|
|a cnb001409704
|
| 020 |
|
|
|a 80-85880-31-8
|q (brož.)
|
| 035 |
|
|
|a (OCoLC)320405530
|
| 040 |
|
|
|a KLG001
|b cze
|d BOA001
|
| 041 |
1 |
|
|a cze
|h eng
|
| 072 |
|
7 |
|a 159.96
|x Zvláštní duševní stavy a procesy
|2 Konspekt
|9 17
|
| 080 |
|
|
|a 316.346.2-055.2
|2 MRF
|
| 080 |
|
|
|a 2-1
|2 MRF
|
| 080 |
|
|
|a 159.922.1-055.2
|2 MRF
|
| 080 |
|
|
|a 2-14-162.6
|2 MRF
|
| 080 |
|
|
|a 613.88
|2 MRF
|
| 080 |
|
|
|a 159.964
|2 MRF
|
| 080 |
|
|
|a 159.964.2
|2 MRF
|
| 080 |
|
|
|a (048.8)
|2 MRF
|
| 100 |
1 |
|
|a Qualls-Corbett, Nancy
|7 nlk20050161298
|4 aut
|
| 245 |
1 |
0 |
|a Posvátná prostitutka :
|b věčný aspekt ženství /
|c Nancy Qualls-Corbettová ; s předmluvou Marion Woodmanoví ; [z anglického originálu ... přeložil Štěpán Kaňa]
|
| 250 |
|
|
|a Vyd. 1.
|
| 260 |
|
|
|a Brno :
|b Nakladatelství Tomáše Janečka,
|c 2004
|
| 300 |
|
|
|a 186 s. :
|b il.
|
| 490 |
1 |
|
|a Studie ;
|v sv. 7
|
| 504 |
|
|
|a Obsahuje bibliografii
|
| 650 |
0 |
7 |
|a ženy
|7 ph127967
|x náboženské aspekty
|2 czenas
|
| 650 |
0 |
7 |
|a feminita
|7 ph138799
|2 czenas
|
| 650 |
0 |
7 |
|a bohyně
|7 ph118953
|2 czenas
|
| 650 |
0 |
7 |
|a sexualita
|7 ph116134
|2 czenas
|
| 650 |
0 |
7 |
|a hlubinná psychologie
|7 ph120756
|2 czenas
|
| 650 |
0 |
7 |
|a psychoanalýza
|7 ph117255
|2 czenas
|
| 655 |
|
7 |
|a studie
|7 fd133597
|2 czenas
|
| 765 |
0 |
|
|t sacret prostitute
|
| 830 |
|
0 |
|a Studie (Nakladatelství Tomáše Janečka)
|0 s
|
| 910 |
2 |
|
|a BOA001
|b 2-1167.433
|
| 990 |
|
|
|a BK
|
| 995 |
|
|
|a 60
|
| 991 |
|
|
|b 200604
|c NOV
|
| 996 |
6 |
|
|b 2610277688
|c 2-1167.433
|l MZK
|r Sklad / do 1 hodiny
|n 11
|p p.v.
|w 000814385
|u 000010
|a 1
|e BOA001
|j MZK50
|s P
|